000 01692nam a22003857a 4500
003 OSt
005 20230110075921.0
008 230110b |||||||| |||| 00| 0 eng d
020 _a9781118529119 (hardback)
020 _a9781118529126 (paper)
040 _aDLC
_beng
_cKMU
_erda
_dDLC
042 _apcc
050 0 0 _aJC319
_b.B39 2013
084 _aSCI030000
_2bisacsh
100 1 _aBarry, Andrew,
_d1960-
245 1 0 _aMaterial politics :
_bdisputes along the pipeline /
_cAndrew Barry.
264 1 _aChichester, West Sussex :
_bWiley-Blackwell,
_c2013.
300 _a244 pages :
_billustrations ;
_c24 cm
336 _atext
_2rdacontent
337 _aunmediated
_2rdamedia
338 _avolume
_2rdacarrier
504 _aIncludes bibliographical references and index.
520 _a"Presents an original theoretical approach to political geography by revealing the paradoxical relationship between materials and politics"--
_cProvided by publisher.
650 0 _aGeopolitics.
650 0 _aMaterials
_xPolitical aspects.
650 0 _aMaterial culture
_xPolitical aspects.
650 0 _aPetroleum pipelines
_xPolitical aspects.
650 0 _aInternational economic relations
_xPolitical aspects.
650 7 _aSCIENCE / Earth Sciences / Geography.
_2bisacsh
776 0 8 _iOnline version:
_aBarry, Andrew, 1960-
_tMaterial politics
_dChichester, West Sussex : Wiley-Blackwell, 2013
_z9781118529089
_w(DLC) 2013028884
856 4 2 _3Cover image
_uhttp://catalogimages.wiley.com/images/db/jimages/9781118529119.jpg
906 _a7
_bcbc
_corignew
_d1
_eecip
_f20
_gy-gencatlg
942 _2lcc
_cBK
_n0
999 _c95
_d95